Hamlet

Gespeichert in:
Bibliographische Detailangaben
1. Verfasser: Shakespeare, William (VerfasserIn)
Format: Buch
Sprache:Spanisch
Veröffentlicht: Santiago Andres Bello 1982
Schlagworte:
Tags: Tag hinzufügen
Keine Tags, Fügen Sie den ersten Tag hinzu!

MARC

LEADER 00000nam a2200000 a 4500
001 UCH6714
003 CL-VaPUC
008 091109e19820000CL |||||||||||||||||spa|d
082 0 4 |a 822  |b SHA  |2 21 
100 |a Shakespeare, William  |e author  |9 265757 
245 1 0 |a Hamlet 
300 |a 186 p 
942 |c BK 
945 |d 20091109 00:00:00  |a lazolas 
260 |a Santiago  |b Andres Bello  |c 1982 
650 0 |a Dramas ingleses  |9 269396 
583 |a last modification  |c 20091109 00:00:00  |k Rodrigo Vera 
999 |c 337547  |d 337545